Lives Amid Violence: Transforming Development in the Wake of Conflict

Offers original and generalisable conclusions, drawn from comparative global case studies, that challenge the status quo of international development practice in conflict settings

Gespeichert in:  
Bibliographische Detailangaben
1. VerfasserIn: Schomerus, Mareike 1971- (Verfasst von)
Medienart: Elektronisch Buch
Sprache:Englisch
Veröffentlicht: [Erscheinungsort nicht ermittelbar] Bloomsbury Academic 2023
In:Jahr: 2023
Online-Zugang: Volltext (Verlag)
Verfügbarkeit prüfen: HBZ Gateway
Subito Bestelldienst: Jetzt bestellen.
Schlagwörter:
Parallele Ausgabe:Nicht-Elektronisch

MARC

LEADER 00000cam a2200000 c 4500
001 1832267202
003 DE-627
005 20250922232121.0
007 cr uuu---uuuuu
008 230125s2023 xxk|||||o 00| ||eng c
020 |a 9780755640843  |q eBook 
020 |a 9780755640850  |q ePDF 
024 7 |a 20.500.12854/91676  |2 hdl 
035 |a (DE-627)1832267202 
035 |a (DE-599)KEP083925716 
035 |a (OCoLC)1366284672 
035 |a (DOAB)91676 
035 |a (DE-627-1)083925716 
040 |a DE-627  |b ger  |c DE-627  |e rda 
041 |a eng 
044 |c XA-GB  |c XD-US  |c XB-IN  |c XE-AU 
072 7 |a JPB  |2 bicssc 
072 7 |a GTJ  |2 bicssc 
072 7 |a GTF  |2 bicssc 
084 |a 2,1  |2 ssgn 
084 |a MK 3810  |q SEPA  |2 rvk  |0 (DE-625)rvk/123053: 
100 1 |8 1\p  |a Schomerus, Mareike  |d 1971-  |e VerfasserIn  |0 (DE-588)116883094X  |0 (DE-627)1032611588  |0 (DE-576)511765657  |4 aut 
109 |a Schomerus, Mareike 1971-  |a Schomerus, M. 1971- 
245 1 0 |a Lives Amid Violence  |b Transforming Development in the Wake of Conflict 
264 1 |a [Erscheinungsort nicht ermittelbar]  |b Bloomsbury Academic  |c 2023 
300 |a 1 Online-Ressource (320 p.) 
336 |a Text  |b txt  |2 rdacontent 
337 |a Computermedien  |b c  |2 rdamedia 
338 |a Online-Ressource  |b cr  |2 rdacarrier 
506 0 |a Open Access  |f Unrestricted online access  |2 star 
520 |a Offers original and generalisable conclusions, drawn from comparative global case studies, that challenge the status quo of international development practice in conflict settings 
540 |a Creative Commons  |f https://creativecommons.org/licenses/by-nc-nd/4.0  |2 cc 
546 |a English 
650 0 7 |0 (DE-588)4115589-0  |0 (DE-627)105813133  |0 (DE-576)209494514  |a Politischer Konflikt  |2 gnd 
650 0 7 |0 (DE-588)4027058-0  |0 (DE-627)106286234  |0 (DE-576)208968997  |a Innenpolitik  |2 gnd 
650 0 7 |0 (DE-588)4157237-3  |0 (DE-627)105502421  |0 (DE-576)209832878  |a Gewalttätigkeit  |2 gnd 
650 0 7 |0 (DE-588)4014948-1  |0 (DE-627)106338234  |0 (DE-576)208909966  |a Entwicklungshilfe  |2 gnd 
650 0 7 |0 (DE-588)4224722-6  |0 (DE-627)104984597  |0 (DE-576)210300418  |a Entwicklungsorganisation  |2 gnd 
650 0 7 |0 (DE-588)4076358-4  |0 (DE-627)104535806  |0 (DE-576)209201657  |a Problemlösen  |2 gnd 
650 0 7 |0 (DE-588)4153521-2  |0 (DE-627)105530336  |0 (DE-576)209804033  |a Fähigkeit  |2 gnd 
650 0 7 |0 (DE-588)4113393-6  |0 (DE-627)105829781  |0 (DE-576)209476117  |a Einrichtung  |2 gnd 
650 0 7 |0 (DE-588)4318539-3  |0 (DE-627)127418636  |0 (DE-576)211202355  |a Sozioökonomischer Wandel  |2 gnd 
650 0 7 |0 (DE-588)4130642-9  |0 (DE-627)105701041  |0 (DE-576)209620706  |a Lebensbedingungen  |2 gnd 
650 0 7 |0 (DE-588)4047068-4  |0 (DE-627)106195859  |0 (DE-576)209072113  |a Praxis  |2 gnd 
650 0 7 |0 (DE-588)4128256-5  |0 (DE-627)104106050  |0 (DE-576)209600551  |a Änderung  |2 gnd 
650 4 |a Comparative Politics 
650 4 |a Peace studies & conflict resolution 
650 4 |a Development studies 
651 7 |0 (DE-588)1135962553  |0 (DE-627)890988382  |0 (DE-576)490197698  |a Erde  |2 gnd 
776 1 |z 9780755640836  |c HB 
776 0 8 |i Erscheint auch als  |n Druck-Ausgabe  |a Schomerus, Mareike, 1971 -   |t Lives amid violence  |d Lodon : Bloomsbury Academic, 2023  |h 306 Seiten  |w (DE-627)1833379373  |z 9780755640836  |k Non-Electronic 
856 4 0 |u https://directory.doabooks.org/handle/20.500.12854/91676  |m X:DOAB  |x Verlag  |7 1 
883 |8 1\p  |a cgwrk  |d 20241001  |q DE-101  |u https://d-nb.info/provenance/plan#cgwrk 
912 1 |a ZDB-94-OAB 
936 r v |a MK 3810  |b Friedenskonsolidierung, Hilfen zu einer Nachkriegszivilordnung  |k Politologie  |k Internationale Politik  |k Internationale Konflikte (Krieg und Frieden)  |k Friedenskonsolidierung, Hilfen zu einer Nachkriegszivilordnung  |0 (DE-627)1469262185  |0 (DE-625)rvk/123053:  |0 (DE-576)399262180 
951 |a BO 
ELC |a 1 
LOK |0 000 xxxxxcx a22 zn 4500 
LOK |0 001 4912360031 
LOK |0 003 DE-627 
LOK |0 004 1832267202 
LOK |0 005 20260210142850 
LOK |0 008 260210||||||||||||||||ger||||||| 
LOK |0 040   |a DE-2619  |c DE-627  |d DE-2619 
LOK |0 092   |o n 
LOK |0 852   |a DE-2619 
LOK |0 852 1  |9 00 
LOK |0 939   |a 10-02-26  |b l01 
ORI |a WA-MARC-krimdoka001.raw